Análisis de los procesos de dirección, planificación gubernativa, políticas públicas y reforma del Estado en Costa Rica /
El siguiente artículo se constituye en recuento crítico de los esfuerzos de Costa Rica para salir del desarrollo inestable vivido en las últimas cuatro décadas, a partir de la indolencia e incumplimientos colectivamente incurridos con respecto a la actividad de dirección y planificación gubernativas...
Saved in:
| Main Author: | |
|---|---|
| Format: | Text |
| Subjects: | |
| Tags: |
Add Tag
No Tags, Be the first to tag this record!
|
MARC
| LEADER | 00000 a a2200000 04500 | ||
|---|---|---|---|
| 001 | 45784 | ||
| 003 | |||
| 040 | |a CRAI/IIS |c CRAI/IIS | ||
| 100 | |a Meoño Segura, Johnny | ||
| 245 | |a Análisis de los procesos de dirección, planificación gubernativa, políticas públicas y reforma del Estado en Costa Rica / |c Johnny Meoño Segura | ||
| 520 | |a El siguiente artículo se constituye en recuento crítico de los esfuerzos de Costa Rica para salir del desarrollo inestable vivido en las últimas cuatro décadas, a partir de la indolencia e incumplimientos colectivamente incurridos con respecto a la actividad de dirección y planificación gubernativas visionariamente consagradas en la Ley de Planificación Nacional y Ley General de la Administración Pública. | ||
| 590 | |a RRH/ENERO2014 | ||
| 650 | |a ESTADO | ||
| 650 | |a ADMINISTRACION PUBLICA | ||
| 650 | |a PLANIFICACION | ||
| 650 | |a POLITICAS GUBERNAMENTALES | ||
| 650 | |a COSTA RICA | ||
| 773 | |g volumen30, número1 (2012), 13-72 | ||
| 999 | |c 18470 |d 18470 | ||
